ბათუმის შოთა რუსთაველის სახელმწიფო უნივერსიტეტის ბიბლიოთეკა

Total. English.Pre-intermediate : (ბიბ.ჩანაწერი № 36259)

000 -LEADER
fixed length control field 00583nam a2200205Ia 4500
001 - CONTROL NUMBER
control field 2164
003 - CONTROL NUMBER IDENTIFIER
control field GE_BSU
005 - DATE AND TIME OF LATEST TRANSACTION
control field 20221024160916.0
008 - FIXED-LENGTH DATA ELEMENTS--GENERAL INFORMATION
fixed length control field 181216s2007en xx |||||||||||||| ||eng||
040 ## - CATALOGING SOURCE
Transcribing agency GE_BSU
041 ## - LANGUAGE CODE
Language code of text/sound track or separate title eng
080 ## - UNIVERSAL DECIMAL CLASSIFICATION NUMBER
Universal Decimal Classification number 811.111(075.8) A-18
100 ## - MAIN ENTRY--PERSONAL NAME
Personal name Acklam, Richard.
9 (RLIN) 3176
245 ## - TITLE STATEMENT
Title Total. English.Pre-intermediate :
Remainder of title Students Book /
Statement of responsibility, etc. Richard Acklam.
264 ## - PRODUCTION, PUBLICATION, DISTRIBUTION, MANUFACTURE, AND COPYRIGHT NOTICE
Place of production, publication, distribution, manufacture Edinburgh,
Date of production, publication, distribution, manufacture, or copyright notice 2007.
300 ## - PHYSICAL DESCRIPTION
Extent 160 p.:
Other physical details 28 cm.
653 ## - INDEX TERM--UNCONTROLLED
keyword Total. English.Pre-intermediate. Students Book
653 ## - INDEX TERM--UNCONTROLLED
keyword ინგლისური ენა
942 ## - ADDED ENTRY ELEMENTS (KOHA)
Koha item type წიგნი
Source of classification or shelving scheme
ეგზემპლარები
Withdrawn status Lost status Source of classification or shelving scheme Damaged status Not for loan Permanent Location Current Location Shelving location Date acquired Cost, normal purchase price Full call number Barcode Date last seen Copy number Price effective from Koha item type Public note
          ბათუმის შოთა რუსთაველის სახელმწიფო უნივერსიტეტის მთავარი ბიბლიოთეკა ბათუმის შოთა რუსთაველის სახელმწიფო უნივერსიტეტის მთავარი ბიბლიოთეკა წიგნსაცავი 2018-12-17 8.00 811.111(075.8) A-18 4380 2018-12-17 4380 2018-12-17 წიგნი 8 ლ.